skbl

Dr Suryya Kumar Bhuyan Library Web-OPAC
ডঃ সূৰ্য্য
কুমাৰ ভূঞা পুথিভঁৰাল ৱেব-অ'পেক

All Research Scholars are advised to clear the annual library fees to continue using Library Resources, Remote Access, Plagiarism Test and Library Clearance.

Cotton University Book Fair 2026

Dakshinpat Sattra / (Record no. 815)

MARC details
000 -LEADER
fixed length control field 00858nam a2200349Ia 4500
001 - CONTROL NUMBER
control field 817
005 - DATE AND TIME OF LATEST TRANSACTION
control field 20240113233431.0
007 - PHYSICAL DESCRIPTION FIXED FIELD--GENERAL INFORMATION
fixed length control field ta
008 - FIXED-LENGTH DATA ELEMENTS--GENERAL INFORMATION
fixed length control field 050125s a g b000 u asm u
020 ## - INTERNATIONAL STANDARD BOOK NUMBER
Terms of availability HB
040 ## - CATALOGING SOURCE
Original cataloging agency Cotton College,Assam
041 ## - LANGUAGE CODE
Language code of text/sound track or separate title asm
082 ## - DEWEY DECIMAL CLASSIFICATION NUMBER
Classification number 294.554
Item number Sa 74 Da
100 ## - MAIN ENTRY--PERSONAL NAME
Personal name Sharma, Benudhar .
245 #0 - TITLE STATEMENT
Title Dakshinpat Sattra /
Statement of responsibility, etc. Benudhar Sharma.
Medium Textual Documents
260 ## - PUBLICATION, DISTRIBUTION, ETC.
Place of publication, distribution, etc. Guwahati :
Name of publisher, distributor, etc. Assam Jyoti ,
Date of publication, distribution, etc. 1889.
300 ## - PHYSICAL DESCRIPTION
Extent 151p :
Other physical details ill ;
Dimensions 24cm. .
653 ## - INDEX TERM--UNCONTROLLED
Uncontrolled term Assamese-Religion
653 ## - INDEX TERM--UNCONTROLLED
Uncontrolled term Religious Literature
653 ## - INDEX TERM--UNCONTROLLED
Uncontrolled term Religion-Assam
653 ## - INDEX TERM--UNCONTROLLED
Uncontrolled term MS-Assamese
653 ## - INDEX TERM--UNCONTROLLED
Uncontrolled term Reference History
653 ## - INDEX TERM--UNCONTROLLED
Uncontrolled term G-Religion
942 ## - ADDED ENTRY ELEMENTS (KOHA)
Source of classification or shelving scheme Dewey Decimal Classification
Koha item type Books
Holdings
Withdrawn status Lost status Damaged status Not for loan Collection Home library Current library Date acquired Coded location qualifier Total checkouts Full call number Barcode Date last seen Copy number Price effective from Koha item type
          Dr. Suryya Kumar Bhuyan Library Dr. Suryya Kumar Bhuyan Library 01/02/2012 00000   294.554 Sa 74 Da 65504 13/01/2024 6 01/02/2012 Books
          Dr. Suryya Kumar Bhuyan Library Dr. Suryya Kumar Bhuyan Library 01/02/2012 00000   294.554 Sa 74 Da 58308 13/01/2024 2 01/02/2012 Books
      Not for loan   Dr. Suryya Kumar Bhuyan Library Dr. Suryya Kumar Bhuyan Library 01/02/2012 00000   294.554 Sa 74 Da 58309/126 13/01/2024 1 01/02/2012 Books
          Dr. Suryya Kumar Bhuyan Library Dr. Suryya Kumar Bhuyan Library 01/02/2012 00000   294.554 Sa 74 Da 65501 13/01/2024 4 01/02/2012 Books
          Dr. Suryya Kumar Bhuyan Library Dr. Suryya Kumar Bhuyan Library 01/02/2012 00000   294.554 Sa 74 Da 65502 13/01/2024 3 01/02/2012 Books
          Dr. Suryya Kumar Bhuyan Library Dr. Suryya Kumar Bhuyan Library 01/02/2012 00000   294.554 Sa 74 Da 65503 13/01/2024 5 01/02/2012 Books

Designed and Maintained by Team SKBL
©1901-2026

Powered by Koha